000
00291nam a22001337a 4500
008
170526b xxu||||| |||| 00| 0 eng d
020
_a
9780201880601
041
_a
eng
080
_a
621.38
100
_a
25
101
_a
IM
245
_a
ELECTRONIC COMMERCE
_c
KALAKOTA,R
942
_2
udc
_c
BK
999
_c
14346
_d
14346